Score 0/50 Timer 01:00
0 Plays Today
% Correct
pizza
89.5%
hamburger
89.1%
pancake
89%
spaghetti
89%
mozzarella
88.9%
eggplant
88.9%
peanut
88.9%
mushroom
88.8%
banana
88.8%
cauliflower
88.6%
mango
88.6%
oatmeal
88.6%
sushi
88.6%
salami
88.5%
steak
88.4%
waffle
88.2%
zucchini
88.2%
bread
87.9%
honey
87.8%
fudge
87.2%
tangerine
87.1%
cinnamon
87.1%
orange
87%
omelet
86.9%
soup
86.7%
% Correct
jello
86.2%
hashbrown
86.1%
crouton
85.2%
tea
84.6%
mint
84.4%
bratwurst
83.8%
soda
83.6%
dragonfruit
83.4%
escargot
83%
veal
82.8%
tapioca
82.3%
kumquat
81.6%
rosemary
81%
gooseberry
80.7%
yam
80.6%
Spam
78.8%
flan
77.9%
gumbo
77.2%
plantain
74.9%
lychee
70.6%
persimmon
66.2%
potsticker
60.8%
headcheese
55%
udon
48.1%
yellowtail
43.7%
Remove Ads.
Support Sporcle.
Get the best of Sporcle when you Go Orange. This ad-free experience offers more features, more stats, and more fun while also helping to support Sporcle. Thank you for becoming a member.

You're not logged in!

Compare scores with friends on all Sporcle quizzes.
OR
Log In

Show Comments

Extras

Top Quizzes Today


Score Distribution

Your Account Isn't Verified!

In order to create a playlist on Sporcle, you need to verify the email address you used during registration. Go to your Sporcle Settings to finish the process.

Report this User

Report this user for behavior that violates our Community Guidelines.

Details: